The Westminster handbook to Martin Luther / (Registro nro. 26518)

Detalles MARC
000 -LEADER
campo de control de longitud fija 02668cam a22005534i 4500
003 - IDENTIFICADOR DE NÚMERO DE CONTROL
campo de control PE-LiUPU
005 - FECHA Y HORA DE LA ÚLTIMA TRANSACCIÓN
campo de control 20250731173048.0
008 - DATOS DE LONGITUD FIJA--INFORMACIÓN GENERAL
campo de control de longitud fija 100428s2010 kyu rb 000 0 eng
020 ## - NÚMERO INTERNACIONAL ESTÁNDAR DEL LIBRO
Número Internacional Estándar del Libro 0664224709
020 ## - NÚMERO INTERNACIONAL ESTÁNDAR DEL LIBRO
Número Internacional Estándar del Libro 9780664224707
035 ## - NÚMERO DE CONTROL DEL SISTEMA
Número de control de sistema (Sirsi) i9780664224707
035 ## - NÚMERO DE CONTROL DEL SISTEMA
Número de control de sistema (OCoLC)505423915
040 ## - FUENTE DE CATALOGACIÓN
Centro catalogador/agencia de origen DLC
Lengua de catalogación spa
Centro/agencia transcriptor DLC
Centro/agencia modificador YDX
-- BTCTA
-- YDXCP
-- UKM
-- IHT
-- CDX
-- LML
-- SOR
-- ITC
-- UKMGB
-- BDX
-- OCLCF
-- GWDNB
-- CHVBK
-- RCT
-- OCLCQ
-- IOJ
-- PE-LiUPU
Normas de descripción rda
049 ## - FONDOS LOCALES (OCLC)
Biblioteca depositaria PRUA
050 00 - SIGNATURA TOPOGRÁFICA DE LA BIBLIOTECA DEL CONGRESO
Número de clasificación BR333.3
Número de ítem .J36 2010
082 00 - NÚMERO DE LA CLASIFICACIÓN DECIMAL DEWEY
Número de clasificación 284.1092
Cutter J21
Número de edición 22
100 1# - ENTRADA PRINCIPAL--NOMBRE DE PERSONA
Nombre de persona Janz, Denis,
Término indicativo de función/relación autor.
245 14 - MENCIÓN DEL TÍTULO
Título The Westminster handbook to Martin Luther /
Mención de responsabilidad, etc. Denis R. Janz.
246 30 - FORMA VARIANTE DEL TITULO
Título propio/Titulo breve Handbook to Martin Luther
246 30 - FORMA VARIANTE DEL TITULO
Título propio/Titulo breve Martin Luther
250 ## - MENCION DE EDICION
Mención de edición 1st ed.
264 #1 - PRODUCCIÓN, PUBLICACIÓN, DISTRIBUCIÓN, FABRICACIÓN Y COPYRIGHT
Producción, publicación, distribución, fabricación y copyright Louisville, Kentucky :
Nombre del de productor, editor, distribuidor, fabricante Westminster John Knox Press,
Fecha de producción, publicación, distribución, fabricación o copyright 2010.
300 ## - DESCRIPCIÓN FÍSICA
Extensión xvii, 147 páginas ;
Dimensiones 23 centímetros.
336 ## - TIPO DE CONTENIDO
Término de tipo de contenido text
Fuente rdacontent
337 ## - TIPO DE MEDIO
Nombre/término del tipo de medio unmediated
Fuente rdamedia
338 ## - TIPO DE SOPORTE
Nombre/término del tipo de soporte volume
Fuente rdacarrier
490 0# - MENCIÓN DE SERIE
Mención de serie The Westminster handbooks to Christian theology
504 ## - NOTA DE BIBLIOGRAFÍA, ETC.
Nota de bibliografía, etc. Bibliogafía : páginas 145-147.
505 0# - NOTA DE CONTENIDO CON FORMATO
Nota de contenido con formato Anfechtung -- Angels -- Apocrypha -- Ascension -- Atonement -- Baptism -- Bible -- Christology -- Church -- Confirmation -- Councils -- Creation -- Creeds -- Death -- Decalogue -- Descent into hell -- Devil -- Divorce -- Eschatology -- Ethics -- Ethics, social/political -- Evil, problem of -- Extreme unction -- Faith -- Free will -- God -- Gospel -- Grace -- Heaven -- Hell -- Holy Spirit -- Islam/Muslims -- Judaism/Jews -- Justification -- Law -- Lord's Supper -- Marriage -- Mary -- Ministerial/pastoral office -- Monasticism -- Nature -- Ordination -- Papacy -- Penance -- Prayer -- Predestination -- Reason -- Resurrection -- Sacraments (general) -- Sexuality -- Sin -- Theology -- Trinity -- Universal priesthood -- Vocation -- War -- Women -- Worship.
526 ## - NOTA DE INFORMACIÓN SOBRE EL PROGRAMA DE ESTUDIO
Nombre del programa Segunda Especialidad En Profecías Bíblicas
526 ## - NOTA DE INFORMACIÓN SOBRE EL PROGRAMA DE ESTUDIO
Nombre del programa Segunda Especialidad En Nuevo Testamento
526 ## - NOTA DE INFORMACIÓN SOBRE EL PROGRAMA DE ESTUDIO
Nombre del programa Segunda Especialidad En Antiguo Testamento
526 ## - NOTA DE INFORMACIÓN SOBRE EL PROGRAMA DE ESTUDIO
Nombre del programa Segunda Especialidad En Estudios Adventistas
526 ## - NOTA DE INFORMACIÓN SOBRE EL PROGRAMA DE ESTUDIO
Nombre del programa Doctorado en teología
526 ## - NOTA DE INFORMACIÓN SOBRE EL PROGRAMA DE ESTUDIO
Nombre del programa Maestría en teología histórica
526 ## - NOTA DE INFORMACIÓN SOBRE EL PROGRAMA DE ESTUDIO
Nombre del programa Maestría en teología bíblica
526 ## - NOTA DE INFORMACIÓN SOBRE EL PROGRAMA DE ESTUDIO
Nombre del programa Maestría en teología
526 ## - NOTA DE INFORMACIÓN SOBRE EL PROGRAMA DE ESTUDIO
Nombre del programa Maestría en misionología
526 ## - NOTA DE INFORMACIÓN SOBRE EL PROGRAMA DE ESTUDIO
Nombre del programa Maestría en liderazgo eclesiástico
526 ## - NOTA DE INFORMACIÓN SOBRE EL PROGRAMA DE ESTUDIO
Nombre del programa Teología
596 ## -
-- 1
600 10 - PUNTO DE ACCESO ADICIONAL DE MATERIA--NOMBRE DE PERSONA
Nombre de persona Luther, Martin,
Fechas asociadas al nombre 1483-1546.
910 ## - DATOS DE OPCIÓN DEL USUARIO (OCLC)
Datos de opción del usuario dbm
-- ebj
-- ebj
-- 20171228
942 ## - ELEMENTOS DE ENTRADA SECUNDARIOS (KOHA)
Fuente del sistema de clasificación o colocación Clasificación Decimal Dewey
Tipo de ítem Koha
949 ## - PROCESAMIENTO DE INFORMACIÓN LOCAL (OCLC)
a 284.1092 J21
w DEWEY
c 1
i 77848
l CATALOGING
m BUL
p 17.50
r 0
s Y
t BOOK
u 2017-12-28
x POSGRADO
-- P85
0 DONACION
o .STAFF. Colección Teología.
994 ## -
-- C0
-- PEPRU
999 ## - NÚMEROS DE CONTROL DE SISTEMA (KOHA)
-- DEWEY
-- 77848
-- 2021-11-11
-- 4
-- CCODEBUL1
-- BUL
-- 17.50
-- 3
-- 0
-- Y
-- BOOK
-- 2017-12-28
-- TEOLOGIA
-- P85
-- DONACION
-- .STAFF. Colección Teología.
980 ## - EQUIVALENCIA O REFERENCIA-CRUZADA-MENCIÓN DE SERIE--NOMBRE DE PERSONA/TÍTULO [LOCAL, CANADÁ]
ID del último usuario que modificó el registro 1
Nombre del último usuario que modificó el registro ALBERTO SANCHEZ Responsable de Automatización
Existencias
Visto por última vez Número de inventario Total de préstamos Signatura topográfica completa Código de barras Copia número Coste, precio de reemplazo Fecha de reemplazo Facultad Tipo de ítem Koha Nota pública Estado de pérdida Fuente del sistema de clasificación o colocación Restricciones de uso No para préstamo Colección Programa académico Biblioteca de origen Biblioteca actual Ubicación en estantería Fecha de adquisición Fuente de adquisición Coste, precio normal de compra
2025-12-02 5   284.1092 J21 77848 e1 22.50 2017-12-28   Libros físicos inventario-2023-12-13 No Perdido Clasificación Decimal Dewey No restringido Disponible para préstamos Colección General Maestría en teología Biblioteca CRAI UPeU Lima Biblioteca CRAI UPeU Lima Sala principal 2017-12-28 DONACION 17.50